| 000 | 00807cab a2200205 4500 | ||
|---|---|---|---|
| 001 | ABS68872 | ||
| 008 | 050310n2005 000 0 eng u | ||
| 035 | _a(Sirsi) u129019 | ||
| 100 | _aDixon, T. | ||
| 245 | _aRegeneration: what's the UK developer response? | ||
| 260 | _c2005 | ||
| 490 |
_aProperty Forecast _v8(2) February 2005, 6-8(3) |
||
| 520 | _aDiscusses research from the College of Estate Management that shows that the landfill directive (Directive 99/31/EC) could deter redevelopment on some contaminated sites. At present the UK development industry is actively engaged in brownfield regeneration, following government policy. | ||
| 590 | _aABS | ||
| 650 | _aBROWNFIELD LAND | ||
| 650 | _aDIRECTIVE 99/31/EC | ||
| 650 |
_aContamination _96231 |
||
| 690 | _aREGENERATION | ||
| 942 | _n0 | ||
| 999 |
_c74900 _d74900 |
||